| 000 | 01226nam a2200313Ia 4500 | ||
|---|---|---|---|
| 999 |
_c10444 _d10444 |
||
| 001 | 45098424 | ||
| 003 | OCoLC | ||
| 005 | 20241126110732.0 | ||
| 008 | 000929s2000 waub c b 000 0beng d | ||
| 020 | _a1576581616 (pbk.) : | ||
| 020 | _a9781576581612 | ||
| 040 |
_aDPL _cDPL |
||
| 082 |
_a266.0092 _bBEN |
||
| 092 | _aBIO JUDSO | ||
| 100 | 1 |
_aBenge, Janet, _d1958- _917368 |
|
| 245 | 1 | 0 |
_aAdoniram Judson : _bbound for Burma / _cJanet & Geoff Benge |
| 260 |
_aSeattle, WA : _bYWAM Pub., _c2022 |
||
| 300 |
_a230 p. : _b1 map ; _c21 cm |
||
| 490 | 1 | _aChristian heroes, then & now | |
| 504 | _aIncludes bibliographical references | ||
| 520 | _aAs America's first foreign missionary, Adoniram Judson worked to translate the Bible into Burmese. He survived starvation, imprisonment, and torture both on land and at sea only to watch his family, coworkers, and friends succumb to death | ||
| 600 | 1 | 0 |
_aJudson, Adoniram, _d1788-1850 _vJuvenile literature _918165 |
| 630 | 0 | 0 |
_aBible. _lBurmese. _sJudson _918166 |
| 650 | 0 |
_aMissionaries _vBiography _vJuvenile literature _918137 |
|
| 655 | 0 |
_aBiography _95066 |
|
| 700 | 1 |
_aBenge, Geoff, _d1954- _917373 |
|
| 830 | 0 |
_aChristian heroes, then & now _917374 |
|
| 942 |
_2ddc _cBK _03 |
||